000 00784nam a22002177a 4500
005 20150702153440.0
008 140714b xxu||||| |||| 00| 0 Urdu d
010 _aUR-9157
020 _c225.00
035 _aU-7712
037 _bDBAD
040 _aDPL
_bUrdu
082 _a841.08
100 _a فا ر و قی ،عبد القا د ر غيا ث الد ين
245 _aا ر د و شا عر ی ا و ر تصو ف
_c فا ر و قی ،عبد القا د ر غيا ث الد ين
246 h _aUrdu Shaiyeri Aur Tasawoof
_bBy Abdul Qadir Ghyasuddin Farooqui
260 _bMajlis-e-Ishatul Uloom Jamia Nizamia
_c2009
_aHyderabad
270 _aShibliganj,
_bHyderabad
_k040-24416847
300 _a679ص
_c22Cm (Hb)
942 _2ddc
_cUR
_e
_h841.08
_mف ا ر
999 _c94639
_d94639